[Event "Aeroflot Open A 2017"]
[Site "Moscow RUS"]
[Date "2017.02.25"]
[Round "5.23"]
[White "Kraemer, Martin"]
[Black "Zhigalko, Sergei"]
[Result "1/2-1/2"]
[WhiteTitle "GM"]
[BlackTitle "GM"]
[WhiteElo "2571"]
[BlackElo "2652"]
[WhiteFideId "4671910"]
[BlackFideId "13502956"]
[EventDate "2017.02.21"]

1. d4 Nf6 2. c4 e6 3. Nf3 b6 4. a3 Ba6 5. Qc2 Bb7 6. Nc3 c5 7. e4 cxd4 8. Nxd4
Nc6 9. Nxc6 Bxc6 10. Qe2 e5 11. f3 Bc5 12. Be3 O-O 13. Qd2 Ne8 14. Bd3 Nc7 15.
b4 Bxe3 16. Qxe3 Qh4+ 17. Qf2 Qg5 18. O-O Ne6 19. Rfd1 Rad8 20. Qg3 Qe3+ 21. Qf2
Qg5 22. Qg3 Qe3+ 23. Qf2 1/2-1/2

[Event "Aeroflot Open A 2017"]
[Site "Moscow RUS"]
[Date "2017.02.25"]
[Round "5.24"]
[White "Svane, Rasmus"]
[Black "Swiercz, Dariusz"]
[Result "0-1"]
[WhiteTitle "GM"]
[BlackTitle "GM"]
[WhiteElo "2570"]
[BlackElo "2645"]
[WhiteFideId "4657101"]
[BlackFideId "1126881"]
[EventDate "2017.02.21"]

1. Nf3 g6 2. d4 Nf6 3. c4 Bg7 4. Nc3 d5 5. cxd5 Nxd5 6. e4 Nxc3 7. bxc3 c5 8. h3
O-O 9. Be2 b5 10. O-O b4 11. cxb4 cxb4 12. Be3 Nd7 13. a3 Bb7 14. Qb1 a5 15.
axb4 axb4 16. Rxa8 Bxa8 17. Bd3 Qa5 18. Qb3 e6 19. Rb1 Qa3 20. Qxa3 bxa3 21. Ra1
Nc5 22. Rxa3 Nxd3 23. Rxd3 Bxe4 24. Ra3 f6 25. Ra6 Bd5 26. Rb6 Ra8 27. Kh2 g5
28. h4 h6 29. Rb2 Bf8 30. Rb6 Be7 31. hxg5 hxg5 32. Rb1 Kf7 33. Kg1 Kg6 34. Rc1
Ra2 35. Ne1 Kf5 36. Rc2 Ra3 37. Rc1 Bd6 38. Kf1 g4 39. Bd2 Ra2 40. Nc2 Kg6 41.
Be3 g3 42. fxg3 Bxg3 43. Ne1 Bxe1 44. Kxe1 Bxg2 45. Bd2 Kf5 46. Rc3 Bd5 47. Rg3
Ra4 48. Be3 Ke4 49. Bf2 Ra1+ 50. Kd2 Ra2+ 51. Ke1 Bc4 52. Re3+ Kf4 53. Rc3 Re2+
54. Kd1 Rxf2 55. Rxc4 Ke4 56. Ra4 Kd5 57. Ra6 Rf4 58. Ke2 Rxd4 59. Ke3 Re4+ 60.
Kf3 f5 0-1

[Event "Aeroflot Open A 2017"]
[Site "Moscow RUS"]
[Date "2017.02.25"]
[Round "5.25"]
[White "Kuzubov, Yuriy"]
[Black "Grigoriants, Sergey"]
[Result "1-0"]
[WhiteTitle "GM"]
[BlackTitle "GM"]
[WhiteElo "2643"]
[BlackElo "2564"]
[WhiteFideId "14112906"]
[BlackFideId "4130804"]
[EventDate "2017.02.21"]

1. d4 Nf6 2. c4 e6 3. Nf3 d5 4. g3 Bb4+ 5. Bd2 Be7 6. Bg2 c6 7. O-O b6 8. a4 a5
9. Ne5 Bb7 10. Nc3 O-O 11. Qb3 Nbd7 12. Nxd7 Nxd7 13. cxd5 exd5 14. e4 dxe4 15.
Nxe4 Nf6 16. Nxf6+ Bxf6 17. Rfd1 Rc8 18. Bf4 Re8 19. Rac1 h6 20. Bh3 Ra8 21. Bg2
Rc8 22. Be5 Bg5 23. Rc3 Qd7 24. h4 Bd8 25. Kh2 Qe7 26. Re3 Qb4 27. Qc2 Bf6 28.
Bxf6 Rxe3 29. fxe3 gxf6 30. Qf5 Qd6 31. Be4 Kf8 32. Qh7 f5 33. Qxf5 Re8 34. Rf1
Qe6 35. Qf4 Re7 36. Bg2 Qxe3 37. Qf6 Kg8 38. Rf4 Qe6 39. Rg4+ Qxg4 40. Qxe7 Qc8
41. Qf6 Qd7 42. d5 cxd5 43. Qxb6 Bc8 44. Qxh6 d4 45. Qg5+ Kf8 46. h5 Qg4 47.
Qxa5 Bf5 48. h6 Kg8 49. Qe5 d3 50. Bf3 Qh3+ 51. Kg1 f6 52. Qc7 1-0

[Event "Aeroflot Open A 2017"]
[Site "Moscow RUS"]
[Date "2017.02.25"]
[Round "5.26"]
[White "Idani, Pouya"]
[Black "Alekseev, Evgeny"]
[Result "1/2-1/2"]
[WhiteTitle "GM"]
[BlackTitle "GM"]
[WhiteElo "2563"]
[BlackElo "2632"]
[WhiteFideId "12510130"]
[BlackFideId "4138147"]
[EventDate "2017.02.21"]

1. e4 e5 2. Nf3 Nc6 3. Bb5 Nf6 4. O-O Nxe4 5. Re1 Nd6 6. Nxe5 Be7 7. Bf1 Nf5 8.
Nf3 O-O 9. d4 d5 10. c3 Bd6 11. g3 Re8 12. Bg2 Rxe1+ 13. Nxe1 Nce7 14. Nd3 c6
15. Bf4 Ng6 16. Bxd6 Nxd6 17. Nd2 Bf5 18. Bf1 Qc7 19. Ne1 Re8 20. Ng2 Bh3 21.
Ne3 Bxf1 22. Qxf1 Qb6 23. b3 Nf8 1/2-1/2

[Event "Aeroflot Open A 2017"]
[Site "Moscow RUS"]
[Date "2017.02.25"]
[Round "5.27"]
[White "Debashis, Das"]
[Black "Sethuraman, S.P."]
[Result "1/2-1/2"]
[WhiteTitle "GM"]
[BlackTitle "GM"]
[WhiteElo "2472"]
[BlackElo "2623"]
[WhiteFideId "5024854"]
[BlackFideId "5021596"]
[EventDate "2017.02.21"]

1. d4 e6 2. c4 f5 3. g3 Nf6 4. Bg2 d5 5. Nf3 c6 6. O-O Bd6 7. Nc3 O-O 8. Qc2 Qe7
9. Bg5 h6 10. Bf4 Bxf4 11. gxf4 Bd7 12. Ne5 Be8 13. e3 Nbd7 14. Ne2 Rd8 15. b4
dxc4 16. Qxc4 Nd5 17. Rab1 g5 18. Bxd5 exd5 19. Qd3 Nxe5 20. dxe5 b6 21. fxg5
Qxe5 22. gxh6 Rd6 23. Qd4 Qxd4 24. exd4 f4 25. f3 Rxh6 26. Rf2 Re6 27. Rg2+ Kh7
28. Kf2 Bh5 29. Rg5 Kh6 30. Rbg1 a5 31. bxa5 bxa5 32. Rg8 Ree8 33. Rxf8 Rxf8 34.
Rc1 Be8 35. Rc5 Kg5 36. Rxa5 Rh8 37. Kg2 Bg6 38. Ra3 Re8 39. Kf2 Rh8 40. Kg2 Re8
41. Kf2 1/2-1/2

[Event "Aeroflot Open A 2017"]
[Site "Moscow RUS"]
[Date "2017.02.25"]
[Round "5.30"]
[White "Bosiocic, Marin"]
[Black "Esipenko, Andrey"]
[Result "1-0"]
[WhiteTitle "GM"]
[BlackTitle "FM"]
[WhiteElo "2602"]
[BlackElo "2502"]
[WhiteFideId "14507927"]
[BlackFideId "24175439"]
[EventDate "2017.02.21"]

1. e4 e5 2. Nf3 Nc6 3. Bb5 a6 4. Ba4 Nf6 5. O-O Be7 6. Re1 b5 7. Bb3 d6 8. c3
O-O 9. h3 Bb7 10. d4 Re8 11. a3 Bf8 12. Nbd2 g6 13. Bc2 Bg7 14. Nf1 Na5 15. Ng3
c5 16. d5 c4 17. Bg5 h6 18. Be3 Bc8 19. Qd2 Kh7 20. a4 Bd7 21. Ra3 Qc7 22. axb5
axb5 23. Rea1 Rec8 24. Qd1 Qd8 25. R1a2 Nb7 26. Ba7 Ne8 27. Qa1 Qf6 28. Bd1 Qe7
29. h4 h5 30. b4 cxb3 31. Bxb3 Bf6 32. Ng5+ Bxg5 33. hxg5 Rxa7 34. Rxa7 Nc5 35.
Bc2 Qxg5 36. Ne2 Nf6 37. Qc1 Qh4 38. f3 Ne8 39. g3 Qd8 40. Qe3 Nf6 41. Kg2 Kg7
42. Ra1 Rb8 43. Rb1 Bc8 44. Ra2 Nfd7 45. Bd3 Nxd3 46. Qxd3 Nc5 47. Qe3 Bd7 48.
Raa1 Rb7 49. Rb4 Rb8 50. Qd2 Rc8 51. Rh1 Ra8 52. Rb2 Ra4 53. Ra2 Nb3 54. Qb2 Nc5
55. Rxa4 bxa4 56. c4 Qa5 57. Qc3 Qd8 58. Qe3 Nb3 59. Kf2 Qf6 60. Kg1 Qd8 61. Kg2
Nc5 62. Nc1 Qe7 63. Kg1 Bc8 64. Kg2 Bd7 65. Nd3 Nb3 66. Nf2 Nd4 67. f4 Nc2 68.
Qc3 Nd4 69. fxe5 dxe5 70. c5 Bc8 71. c6 Qf6 72. Qa3 Nc2 73. Qd3 Nd4 74. Ra1 Nb3
75. Ra3 h4 76. gxh4 Nd4 77. Rxa4 Qxh4 78. Qg3 Qh5 79. Ra2 Nb5 80. Ra1 f6 81. Rh1
Qe2 82. Qh4 1-0

[Event "Aeroflot Open A 2017"]
[Site "Moscow RUS"]
[Date "2017.02.25"]
[Round "5.31"]
[White "Ramirez, Alejandro"]
[Black "Bindrich, Falko"]
[Result "1/2-1/2"]
[WhiteTitle "GM"]
[BlackTitle "GM"]
[WhiteElo "2549"]
[BlackElo "2590"]
[WhiteFideId "6500617"]
[BlackFideId "4676670"]
[EventDate "2017.02.21"]

1. d4 Nf6 2. c4 e6 3. g3 d5 4. Bg2 Bb4+ 5. Bd2 Bd6 6. Nc3 dxc4 7. Qa4+ c6 8.
Qxc4 O-O 9. Nf3 Nbd7 10. O-O e5 11. Rad1 Qe7 12. e4 Nb6 13. Qe2 Bg4 14. dxe5
Bxe5 15. h3 Bxf3 16. Bxf3 Rfe8 17. Rfe1 Rad8 18. Bc1 h6 19. Bg2 Qc5 20. Be3 Qb4
21. Qc2 Nc4 22. Bc1 Na3 23. Qe2 Nc4 24. Qc2 Na3 25. Qe2 Nc4 26. Qc2 Na3 1/2-1/2

[Event "Aeroflot Open A 2017"]
[Site "Moscow RUS"]
[Date "2017.02.25"]
[Round "5.34"]
[White "Gabrielian, Artur"]
[Black "Rozum, Ivan"]
[Result "1/2-1/2"]
[WhiteTitle "GM"]
[BlackTitle "GM"]
[WhiteElo "2532"]
[BlackElo "2601"]
[WhiteFideId "4131002"]
[BlackFideId "24104272"]
[EventDate "2017.02.21"]

1. e4 c6 2. d4 d5 3. e5 Bf5 4. Nf3 e6 5. Be2 Ne7 6. O-O c5 7. c3 Nec6 8. Be3
cxd4 9. Nxd4 Bxb1 10. Rxb1 Nxe5 11. Qa4+ Qd7 12. Bb5 Nec6 13. c4 Be7 14. cxd5
exd5 15. Rbc1 O-O 16. Nxc6 bxc6 17. Rxc6 Nxc6 18. Bxc6 Qe6 19. Bxa8 Rxa8 20. Rd1
Bf6 21. Bd4 h6 22. Bxf6 Qxf6 23. Qd4 Qxd4 24. Rxd4 Rc8 25. g3 Rc2 26. Rxd5 Rxb2
27. Ra5 Rb7 28. h4 g6 29. Kg2 h5 30. Kf3 Re7 31. Kf4 f6 32. f3 Kg7 33. a4 Kh6
34. g4 hxg4 35. fxg4 Rb7 36. Ra6 Rb4+ 37. Kf3 Rb3+ 38. Kf4 Rb4+ 1/2-1/2

[Event "Aeroflot Open A 2017"]
[Site "Moscow RUS"]
[Date "2017.02.25"]
[Round "5.38"]
[White "Kovalevskaya, Ekaterina"]
[Black "Donchenko, Alexander"]
[Result "1/2-1/2"]
[WhiteTitle "IM"]
[BlackTitle "GM"]
[WhiteElo "2423"]
[BlackElo "2553"]
[WhiteFideId "4116704"]
[BlackFideId "24603295"]
[EventDate "2017.02.21"]

1. e4 c5 2. c3 Nf6 3. e5 Nd5 4. Bc4 Nb6 5. Bb3 d5 6. exd6 Qxd6 7. d4 cxd4 8.
cxd4 Nc6 9. Ne2 Bg4 10. f3 Bf5 11. Nbc3 e6 12. O-O Rd8 13. Be3 Be7 14. a4 Qb4
15. Nb5 Bf6 16. g4 Na5 17. Ra3 Nac4 18. Bxc4 Nxc4 19. gxf5 Nxa3 20. bxa3 Qc4 21.
fxe6 fxe6 22. Nbc3 O-O 23. Qb1 Bxd4 24. Bxd4 Rxd4 25. Qxb7 Rd3 26. Qe4 Rxc3 27.
Nxc3 Qxc3 28. Qxe6+ Kh8 29. Qe7 Qd4+ 30. Kh1 Rb8 31. Qc7 Re8 32. Qf7 Qxa4 33.
Rg1 Rg8 34. Qe7 h6 35. Rg4 Qb3 36. Kg2 a6 37. Rf4 Qb2+ 38. Kh3 Qb8 39. Rg4 a5
40. Kg2 Qb2+ 41. Kh3 Rc8 42. a4 Qc3 43. Rf4 Qc6 44. Kg3 Qa8 45. Rg4 Qb8+ 46. Kh3
Qb2 47. Rf4 Qb8 48. Rg4 Rg8 49. Kg2 Qb2+ 50. Kh3 Qc3 51. Kg3 Qa1 52. Rf4 Qd1 53.
Rg4 Qb3 54. Kg2 Qb1 55. Kg3 Qf5 56. Rf4 Qg6+ 57. Rg4 Qb6 58. Kh3 Qb2 59. Rf4 Qb3
60. Kg2 Qd5 61. Kg3 Qc6 62. Rg4 Qc8 63. Kg2 Qc3 64. Kg3 Rb8 65. Rf4 Qc8 66. Rf7
Qg8 67. Rf5 Re8 68. Qf7 Qxf7 69. Rxf7 Re5 70. Rb7 Rg5+ 71. Kf2 Rh5 72. Kg3 Rg5+ 1/2-1/2

[Event "Aeroflot Open A 2017"]
[Site "Moscow RUS"]
[Date "2017.02.25"]
[Round "5.40"]
[White "Petrosyan, Manuel"]
[Black "Abdusattorov, Nodirbek"]
[Result "1/2-1/2"]
[WhiteTitle "IM"]
[BlackTitle "FM"]
[WhiteElo "2549"]
[BlackElo "2429"]
[WhiteFideId "13300857"]
[BlackFideId "14204118"]
[EventDate "2017.02.21"]

1. d4 Nf6 2. Nf3 g6 3. c4 Bg7 4. Nc3 d6 5. g3 O-O 6. Bg2 Nbd7 7. O-O e5 8. e4 c6
9. h3 Qb6 10. Re1 Qb4 11. Bf1 exd4 12. Nxd4 Re8 13. a3 Qb6 14. Be3 Qc7 15. Qc2
a5 16. Rad1 Nc5 17. Bg2 a4 18. f4 Ra5 19. Bf2 Nfd7 20. Qd2 Bf8 21. Kh2 Nf6 22.
Qc2 Nfd7 23. Qd2 Ra8 24. Qc2 Nb6 25. Nb1 Ra5 26. Nd2 Bg7 27. N2f3 Ncd7 28. Rc1
Nf8 29. e5 dxe5 30. Nxe5 Ne6 31. Qd2 Nd7 32. Nxe6 Rxe6 33. Rcd1 Bxe5 34. fxe5
Raxe5 35. Bd4 Rxe1 36. Rxe1 Qd6 37. Rxe6 fxe6 38. Qe3 e5 39. Bc3 Qe6 40. Qg5 Qe8
41. Bf3 Qf8 42. Kg2 Qe8 43. h4 Kg7 44. Bg4 Kg8 45. h5 Kf7 46. Qe3 Kg8 47. Bd1
Qe6 48. hxg6 hxg6 49. Bxa4 Qxc4 50. Bc2 Kh7 51. Qf3 Qe6 52. Qh5+ Kg7 53. Qg5
Qd5+ 54. Kh2 Qe6 55. Bd2 Nf8 56. Qh6+ Kg8 57. Bb4 Qf6 58. Qxf8+ Qxf8 59. Bxf8
Kxf8 60. Bxg6 c5 61. Kg2 b5 62. Kf3 Ke7 63. g4 Kf6 64. Be8 b4 65. a4 c4 66. Bb5
c3 67. bxc3 bxc3 68. Bd3 e4+ 69. Kxe4 Bxg4 70. a5 Bf5+ 71. Kd4 c2 72. Bxc2 Bxc2
73. a6 Ba4 74. Kd5 Bb5 75. a7 Bf1 76. a8=Q Bg2+ 77. Kd6 Bxa8 1/2-1/2

[Event "Aeroflot Open A 2017"]
[Site "Moscow RUS"]
[Date "2017.02.25"]
[Round "5.45"]
[White "Pavlovic, Milos"]
[Black "Morovic Fernandez, Ivan"]
[Result "1/2-1/2"]
[WhiteTitle "GM"]
[BlackTitle "GM"]
[WhiteElo "2512"]
[BlackElo "2550"]
[WhiteFideId "900389"]
[BlackFideId "3405400"]
[EventDate "2017.02.21"]

1. Nf3 d5 2. g3 c5 3. Bg2 Nc6 4. c4 e6 5. cxd5 exd5 6. d4 Nf6 7. O-O Be7 8. dxc5
Bxc5 9. Qc2 Be7 10. Nc3 O-O 11. Rd1 Qa5 12. Qb3 Rd8 13. Be3 Qb4 14. Nd4 Qxb3 15.
axb3 Be6 16. Ncb5 Nxd4 17. Bxd4 a6 18. Nc3 Ne4 19. Bb6 Rd6 20. Bc7 Rc6 21. Be5
Nxc3 22. bxc3 Rd8 23. c4 Rc5 24. Bd4 Rcc8 25. cxd5 Bxd5 26. Bb6 Rd6 27. Rxd5
Rxb6 28. Rd7 Kf8 29. Rad1 Rxb3 30. Bxb7 Rb8 31. Bf3 Ke8 1/2-1/2

[Event "Aeroflot Open A 2017"]
[Site "Moscow RUS"]
[Date "2017.02.25"]
[Round "5.46"]
[White "Schroeder, Jan-Christian"]
[Black "Praggnanandhaa, R"]
[Result "1/2-1/2"]
[WhiteTitle "GM"]
[BlackTitle "IM"]
[WhiteElo "2543"]
[BlackElo "2455"]
[WhiteFideId "24662259"]
[BlackFideId "25059530"]
[EventDate "2017.02.21"]

1. e4 e5 2. Nf3 Nc6 3. Bb5 g6 4. O-O Bg7 5. c3 a6 6. Ba4 d6 7. d4 Bd7 8. dxe5
dxe5 9. Re1 b5 10. Bb3 Nf6 11. a4 Rb8 12. axb5 axb5 13. Be3 Qe7 14. Ra6 O-O 15.
Bd5 Nxd5 16. Qxd5 Qe8 17. Nbd2 Kh8 18. Bc5 Rg8 19. Nb3 Nd8 20. Na5 Bc8 21. Ra7
Be6 22. Qd2 Nc6 23. Nxc6 Qxc6 24. Qe3 Bc4 25. Bb4 1/2-1/2

[Event "Aeroflot Open A 2017"]
[Site "Moscow RUS"]
[Date "2017.02.25"]
[Round "5.48"]
[White "Harutyunian, Tigran K."]
[Black "Xu, Yi"]
[Result "1/2-1/2"]
[WhiteTitle "IM"]
[BlackTitle "IM"]
[WhiteElo "2515"]
[BlackElo "2444"]
[WhiteFideId "13303635"]
[BlackFideId "8605564"]
[EventDate "2017.02.21"]

1. Nf3 Nf6 2. g3 d5 3. Bg2 e6 4. O-O Be7 5. c4 O-O 6. d4 dxc4 7. Qa4 a6 8. Qxc4
b5 9. Qc2 Bb7 10. Bd2 Bd6 11. Ng5 Bxg2 12. Kxg2 Nbd7 13. e4 e5 14. dxe5 Nxe5 15.
f4 Nc4 16. b3 Nxd2 17. Nxd2 Bb4 18. Rad1 h6 19. Ngf3 Qe7 20. e5 Nd5 21. Rfe1 Qc5
22. Qxc5 Bxc5 23. Rc1 Bb6 24. Ne4 Rfd8 25. Re2 Ne3+ 26. Kh3 Rd5 27. Nh4 Rad8 28.
Rc6 Rd3 29. f5 Nd5 30. Kg4 Ne3+ 31. Kh3 Nd5 32. Kg4 Ne3+ 33. Kh3 Nd5 34. Kg4
Ne3+ 35. Kh3 Nd5 1/2-1/2

[Event "Aeroflot Open A 2017"]
[Site "Moscow RUS"]
[Date "2017.02.25"]
[Round "5.49"]
[White "Puranik, Abhimanyu"]
[Black "Gusain, Himal"]
[Result "1-0"]
[WhiteTitle "IM"]
[WhiteElo "2481"]
[BlackElo "2438"]
[WhiteFideId "5061245"]
[BlackFideId "5033861"]
[EventDate "2017.02.21"]

1. e4 Nc6 2. d4 d6 3. Nf3 Nf6 4. Nc3 Bg4 5. Be2 e5 6. d5 Ne7 7. Bg5 Ng6 8. Nd2
Bd7 9. h4 h6 10. Bxf6 Qxf6 11. g3 Be7 12. Bg4 Nf8 13. Qe2 Bxg4 14. Qxg4 Nd7 15.
a4 Bf8 16. h5 Qd8 17. Nc4 Nf6 18. Qe2 Be7 19. Ne3 Qd7 20. a5 a6 21. O-O-O Qd8
22. Nf5 Bf8 23. f4 g6 24. hxg6 fxg6 25. Nh4 Rg8 26. Rdf1 Qe7 27. fxe5 Qxe5 28.
Qf2 Be7 29. Kb1 h5 30. Ka1 Bd8 31. Nf3 Ng4 32. Qd2 Qg7 33. Nd4 Bf6 34. Ne6 Qe7
35. Nd1 Kd7 36. Nf2 Ne5 37. Nd3 Ng4 38. Qb4 Kc8 39. Rf3 Re8 40. Ndf4 Qf7 41. Rb3
Ra7 42. c4 Ne5 43. c5 dxc5 44. Qxc5 Kb8 45. Rc1 Rc8 46. Ne2 Be7 47. Qc3 Bd6 48.
N2d4 Qd7 49. Nc5 Qe8 50. Nde6 Ka8 51. Qd4 Qe7 52. Nd3 Qf6 53. Rcc3 Qh8 54. Ndc5
Nf7 55. Qxh8 Rxh8 56. Nd7 Rc8 57. Nb6+ Kb8 58. Nxc8 Kxc8 59. Rxc7+ Bxc7 60. Rc3
Ne5 61. Rxc7+ Kb8 62. Re7 b6 63. Re8+ Kb7 64. Nd8+ Kc7 65. axb6+ 1-0

[Event "Aeroflot Open A 2017"]
[Site "Moscow RUS"]
[Date "2017.02.26"]
[Round "6.2"]
[White "Vitiugov, Nikita"]
[Black "Inarkiev, Ernesto"]
[Result "1-0"]
[WhiteTitle "GM"]
[BlackTitle "GM"]
[WhiteElo "2724"]
[BlackElo "2723"]
[WhiteFideId "4152956"]
[BlackFideId "4162722"]
[EventDate "2017.02.21"]

1. d4 Nf6 2. c4 e6 3. Nf3 b6 4. g3 Bb7 5. Bg2 Be7 6. O-O O-O 7. Nc3 Ne4 8. Bd2
Bf6 9. Be1 d5 10. Qc2 Nxc3 11. Bxc3 Nd7 12. cxd5 exd5 13. b4 c5 14. dxc5 bxc5
15. Bxf6 Qxf6 16. Bh3 Rfd8 17. bxc5 Rac8 18. Qa4 Nxc5 19. Qxa7 Rc6 20. Rab1 Qd6
21. Qa3 d4 22. Bg2 Ra6 23. Qb2 Bxf3 24. Bxf3 Na4 25. Qd2 Nc3 26. Rb2 g6 27. Rc1
Ra3 28. Kg2 Kg7 29. Rcc2 Qe6 30. Qg5 Rc8 31. Qf4 Ra4 32. Qd2 Rc5 33. h4 h6 34.
Qd3 Qe5 35. Rb7 Qe6 36. e3 Qf6 37. Rd7 dxe3 38. Qxe3 Rac4 39. Rcd2 Re5 40. Qd3
Rcc5 41. Rb2 Nb5 42. a4 Rc3 43. Qd1 Rf5 44. axb5 Rfxf3 45. Qd4 Kf8 46. Qxf6 Rxf6
47. b6 Rc8 48. b7 Rb8 49. Rc7 Re6 50. Rc8+ Re8 51. Rxb8 Rxb8 52. Kf3 Ke7 53. Ke4
Kd6 54. Kd4 h5 55. Ke4 f6 56. Rb6+ Kc5 57. Rxf6 1-0

[Event "Aeroflot Open A 2017"]
[Site "Moscow RUS"]
[Date "2017.02.26"]
[Round "6.3"]
[White "Iturrizaga Bonelli, Eduardo"]
[Black "Matlakov, Maxim"]
[Result "1/2-1/2"]
[WhiteTitle "GM"]
[BlackTitle "GM"]
[WhiteElo "2652"]
[BlackElo "2701"]
[WhiteFideId "3901211"]
[BlackFideId "4168003"]
[EventDate "2017.02.21"]

1. Nf3 d5 2. c4 d4 3. e3 Nc6 4. exd4 Nxd4 5. Nxd4 Qxd4 6. Nc3 e5 7. Be2 Ne7 8.
O-O Nf5 9. d3 c6 10. Ne4 Be7 11. Ng3 O-O 12. Nxf5 Bxf5 13. Qb3 Qd7 14. Be3 b6
15. Bf3 Rad8 16. Rfd1 c5 17. a4 Bg4 18. Bxg4 Qxg4 19. a5 Rd6 20. axb6 axb6 21.
Ra7 Qe6 22. Qa4 Rfd8 23. Ra8 h6 24. Rxd8+ Rxd8 25. Qc2 Rd6 26. f3 f5 27. Kf1 Qd7
28. Ke2 Bg5 29. Bf2 Bf4 30. h3 Qd8 31. Qb3 Qg5 32. g4 fxg4 33. hxg4 h5 34. gxh5
Qxh5 35. Qa4 Rd8 36. Qc6 e4 37. Qe6+ Kh8 38. dxe4 Rxd1 39. Kxd1 Qxf3+ 40. Ke1
Qh1+ 41. Ke2 Qh5+ 42. Ke1 Be5 43. Qf5 Qe8 44. b3 g6 45. Qh3+ Kg7 46. Ke2 Bf6 47.
Qg4 b5 48. Bxc5 bxc4 49. bxc4 Qc6 50. e5 Qxc5 51. exf6+ Kxf6 1/2-1/2

[Event "Aeroflot Open A 2017"]
[Site "Moscow RUS"]
[Date "2017.02.26"]
[Round "6.4"]
[White "Lysyj, Igor"]
[Black "Mamedov, Rauf"]
[Result "1/2-1/2"]
[WhiteTitle "GM"]
[BlackTitle "GM"]
[WhiteElo "2643"]
[BlackElo "2688"]
[WhiteFideId "4150120"]
[BlackFideId "13401653"]
[EventDate "2017.02.21"]

1. d4 d5 2. c4 c6 3. Nf3 Nf6 4. e3 Bf5 5. Nc3 e6 6. Nh4 Be4 7. f3 Bg6 8. Qb3 Qc7
9. Bd2 Be7 10. cxd5 cxd5 11. O-O-O Nc6 12. Nxg6 hxg6 13. Kb1 a6 14. Rc1 Rc8 15.
Bd3 Nd7 16. Ne2 b5 17. e4 Nb6 18. exd5 exd5 19. Ba5 Nxa5 20. Rxc7 Nxb3 1/2-1/2

[Event "Aeroflot Open A 2017"]
[Site "Moscow RUS"]
[Date "2017.02.26"]
[Round "6.5"]
[White "Smirin, Ilia"]
[Black "Gupta, Abhijeet"]
[Result "1-0"]
[WhiteTitle "GM"]
[BlackTitle "GM"]
[WhiteElo "2670"]
[BlackElo "2645"]
[WhiteFideId "2801990"]
[BlackFideId "5010608"]
[EventDate "2017.02.21"]

1. e4 e6 2. d4 d5 3. Nc3 Nf6 4. Bg5 dxe4 5. Nxe4 Be7 6. Bxf6 gxf6 7. Nf3 f5 8.
Nc3 a6 9. Qe2 b5 10. O-O-O b4 11. Na4 Qd5 12. Kb1 Nd7 13. Qe3 Bb7 14. b3 Qe4 15.
Qd2 Rg8 16. Rg1 Bd6 17. Bc4 Qg4 18. h3 Qg7 19. d5 e5 20. g4 f4 21. Nh4 Qf6 22.
Nf5 Kf8 23. Bd3 h6 24. Be4 Rd8 25. f3 Rg5 26. Qf2 Rxf5 27. Bxf5 Qe7 28. Bxd7
Rxd7 29. h4 Kg7 30. g5 h5 31. Rge1 Rd8 32. c4 c5 33. dxc6 Bxc6 34. Qe2 e4 35.
fxe4 Re8 36. Nb6 Qxe4+ 37. Qxe4 Rxe4 38. Nd5 Rxe1 39. Rxe1 Kg6 40. Kc2 Bxd5 41.
cxd5 Kf5 42. Kd3 f3 43. Ke3 Kg4 44. Rf1 Bc5+ 45. Ke4 f2 46. Ke5 Kxh4 47. Kf4 Kh3
48. Kf3 Kh4 49. Kg2 Kxg5 50. Rc1 Bd6 51. Kxf2 Kf5 52. Rh1 Kg4 53. Rg1+ Kf4 54.
Rg7 f5 55. Rh7 Ke4 56. Rxh5 f4 57. Rh6 Bc5+ 58. Kf1 Kxd5 59. Ke2 a5 60. Rh5+ Kd4
61. Kf3 Bb6 62. Rb5 Bc7 63. Rb7 Be5 64. Ra7 Kc3 65. Rxa5 Bb8 66. Ra8 Bd6 67. Rd8
Be5 68. Ke4 Bg7 69. Kxf4 Kb2 70. Ra8 1-0

[Event "Aeroflot Open A 2017"]
[Site "Moscow RUS"]
[Date "2017.02.26"]
[Round "6.6"]
[White "Kamsky, Gata"]
[Black "Khismatullin, Denis"]
[Result "0-1"]
[WhiteTitle "GM"]
[BlackTitle "GM"]
[WhiteElo "2669"]
[BlackElo "2639"]
[WhiteFideId "2000024"]
[BlackFideId "4142578"]
[EventDate "2017.02.21"]

1. d4 d5 2. Bf4 c5 3. e3 Nc6 4. Nf3 cxd4 5. exd4 Bg4 6. c3 e6 7. Nbd2 Bd6 8. Bg3
Nge7 9. Bd3 Bf5 10. Be2 Ng6 11. Qb3 Rb8 12. a4 h5 13. Bxd6 Qxd6 14. O-O Nf4 15.
Rfe1 h4 16. Bf1 f6 17. c4 Kf7 18. g3 hxg3 19. fxg3 Nh3+ 20. Kg2 dxc4 21. Nxc4
Qd5 22. Nd2 Qxb3 23. Nxb3 g5 24. Rac1 Rhd8 25. Bc4 Nb4 26. Nc5 Nd5 27. Bb3 Rd6
28. Nd2 b6 29. Nce4 Rd7 30. Rc6 Rbd8 31. Nc3 Ndf4+ 32. gxf4 Nxf4+ 33. Kg1 Rxd4
34. Nde4 Rb4 35. Bc4 Rxb2 36. Rd6 Rg2+ 37. Kf1 Rh8 38. Rd2 Rxd2 39. Nxd2 Rxh2
40. Nde4 Bh3+ 41. Kg1 Rg2+ 42. Kh1 Rc2 43. Kg1 Bg2 44. Bb3 Rb2 45. Nd6+ Ke7 46.
Nf5+ Kd7 47. Rd1+ Ke8 48. Nd6+ Kf8 49. Rb1 Rxb1+ 50. Nxb1 f5 51. Nc3 Ke7 52.
Nc8+ Kf6 53. Nxa7 Bb7 54. Nab5 g4 55. Nd6 Bc6 56. Kf2 Ke5 57. Nc8 Nd3+ 58. Kg3
Bf3 59. Nxb6 f4+ 60. Kh4 g3 61. Nc4+ Kd4 62. Nd2 Ne5 63. Nxf3+ Nxf3+ 64. Kh3
Kxc3 65. a5 Ne1 66. Bxe6 g2 67. Kh2 Kd4 68. a6 f3 69. Bh3 Ke3 70. Bxg2 fxg2 71.
Kg1 Kf3 72. a7 Kg3 73. a8=B Nf3+ 0-1

[Event "Aeroflot Open A 2017"]
[Site "Moscow RUS"]
[Date "2017.02.26"]
[Round "6.10"]
[White "Korobov, Anton"]
[Black "Oparin, Grigoriy"]
[Result "1/2-1/2"]
[WhiteTitle "GM"]
[BlackTitle "GM"]
[WhiteElo "2691"]
[BlackElo "2625"]
[WhiteFideId "14105730"]
[BlackFideId "24125890"]
[EventDate "2017.02.21"]

1. d4 Nf6 2. c4 e6 3. Nc3 Bb4 4. f3 d5 5. a3 Bxc3+ 6. bxc3 c5 7. cxd5 Nxd5 8.
dxc5 Qa5 9. e4 Ne7 10. Be3 O-O 11. Qb3 Qc7 12. Nh3 Nd7 13. Qc4 Nc6 14. Be2 b6
15. cxb6 axb6 16. O-O Ba6 17. Qa2 Na5 18. Rfd1 Bxe2 19. Qxe2 Nc5 20. Qb5 Nab3
21. Bxc5 Nxc5 22. c4 Ra5 23. Qb2 Ra4 24. Rab1 Rb8 25. Rd4 h6 26. Nf2 1/2-1/2